Größte rheinland-pfälzische Stadien - Statistiken

Allgemein
  • Dieses Quiz wurde 3 mal gespielt
  • Das Durchschnittsergebnis liegt bei 7 aus 11
Antwortstatistiken
Verein Kapazität Stadioname % Korrekt
1.FC Kaiserslautern 49.350 Fritz-Walter-Stadion/Stadion am Betzenberg
100%
1.FSV Mainz 05 33,300 MEWA Arena
100%
Eintracht Trier 10,200 Moselstadion
100%
Wormatia Worms 5,000 EWR-Arena
67%
1.FSV Mainz 05 II 13,508 Stadion am Bruchweg
67%
TuS Koblenz 9,500 Stadion Oberwerth
67%
Arminia Ludwigshafen 5,500 Bezirkssportanlage Rheingönheim
33%
Sportfreunde Eisbachtal 6,000 Eisbachtalstadion
33%
FK Pirmasens 10,000 Framas-Stadion
33%
Eintracht Bad Kreuznach 10,000 Friedrich-Moebus-Stadion
33%
FSV Salmrohr 7,500 Salmtalstadion
33%
Keine übereinstimmenden Quizze gefunden
Verteilung der Resultate
Anzahl Personen mit jedem Resultat
Perzentil nach korrekt beantworteten Fragen
Ihre Resultats-Entwicklung
Sie haben dieses Quiz noch nicht gespielt